[Event "COL-ch sf"]
[Site "Pereira"]
[Date "2024.03.27"]
[Round "4"]
[White "Bejarano Urrego, Danny Andres"]
[Black "Hernandez Aguilar, Elian Manuel"]
[Result "0-1"]
[WhiteElo "1971"]
[BlackElo "1400"]
[PlyCount "64"]
[EventDate "2024.03.26"]
[EventType "swiss"]
[EventRounds "11"]
[EventCountry "COL"]
[SourceTitle "CB14_2024"]
[SourceDate "2024.04.01"]
[SourceVersion "1"]
[SourceVersionDate "2024.04.01"]
[SourceQuality "1"]

1. e4 c5 2. d4 cxd4 3. c3 d3 4. Bxd3 d6 5. Bc4 e6 6. Nf3 Nc6 7. 0-0 Nf6 8. Qe2 Be7 9. Rd1 Qc7 10. a4 0-0 11. Na3 Re8 12. Nb5 Qb8 13. Bf4 e5 14. Bxf7+ Kxf7 15. Qc4+ d5 16. Rxd5 Nxd5 17. Qxd5+ Be6 18. Nxe5+ Nxe5 19. Qxe5 Qxe5 20. Bxe5 Red8 21. f4 Bc5+ 22. Kh1 Rd2 23. b4 Be7 24. f5 Bc4 25. Nd4 a5 26. Bc7 axb4 27. Nf3 bxc3 28. h3 Bf6 29. Nxd2 cxd2 30. Rd1 Bc3 31. Bf4 Be2 32. Bxd2 Bxd1 0-1

[Event "COL-ch sf"]
[Site "Pereira"]
[Date "2024.03.27"]
[Round "3"]
[White "Cordoba Roa, Angel Gabriel"]
[Black "Bejarano Urrego, Danny Andres"]
[Result "1-0"]
[WhiteElo "2312"]
[BlackElo "1971"]
[PlyCount "75"]
[EventDate "2024.03.26"]
[EventType "swiss"]
[EventRounds "11"]
[EventCountry "COL"]
[SourceTitle "CB14_2024"]
[SourceDate "2024.04.01"]
[SourceVersion "1"]
[SourceVersionDate "2024.04.01"]
[SourceQuality "1"]

1. e4 e6 2. d4 d5 3. Nc3 Bb4 4. e5 c5 5. a3 Bxc3+ 6. bxc3 Ne7 7. h4 Qa5 8. Bd2 Nbc6 9. h5 cxd4 10. cxd4 Qa4 11. Nf3 Nxd4 12. Bd3 Nxf3+ 13. Qxf3 Qd4 14. 0-0 Qxe5 15. h6 Bd7 16. Rab1 Bc6 17. Rfe1 Qf6 18. Qg3 gxh6 19. Rb4 Rg8 20. Qh3 e5 21. f3 d4 22. Bxh7 Rg7 23. Be4 Bxe4 24. Rxe4 b6 25. Rb5 Nc6 26. Bf4 Rg6 27. Bxe5 Nxe5 28. Rbxe5+ Kf8 29. Rf5 Qc6 30. Ref4 Qxc2 31. Rxf7+ Kg8 32. R7f6 Rxf6 33. Rxf6 Qc1+ 34. Kh2 Kg7 35. Qf5 Qc7+ 36. f4 Rd8 37. Rg6+ Kh8 38. Qf6+ 1-0